|
|
|
|
| LEADER |
00000nab a2200000 a 4500 |
| 001 |
vtls000619819 |
| 003 |
SK-MaSNL |
| 005 |
20260304094850.0 |
| 008 |
250425c1997 xo 0 slo |
| 015 |
|
|
|a SNBRB19rr/mm-uuuuu
|
| 035 |
|
|
|a CL0619958
|
| 035 |
|
|
|a urn:nbn:sk:snk-abbqpi
|
| 035 |
|
|
|a (urnnbn)urn:nbn:sk:snk:ar-002v11
|
| 035 |
|
|
|a (uuid)12b45f95-0140-4c7f-8f5d-9065a14edb12
|
| 040 |
|
|
|a SNKBUCL
|b slo
|c SNKBUCL
|e AACR2
|
| 041 |
0 |
|
|a slo
|
| 044 |
|
|
|a xo
|c SK
|
| 080 |
|
|
|a 82.09:820 (73)-9(048)
|2 1981
|
| 080 |
|
|
|a 820 (73)-9(048)
|2 1981
|
| 100 |
1 |
|
|a Konečná, Morgiána
|4 aut
|9 1189878
|
| 245 |
1 |
0 |
|a Toť iba pred pár týždňami som si prelistovala... [inc.]
|c Morgiána Konečná
|
| 650 |
0 |
7 |
|a literatúra faktu
|2 snkbucl
|9 18459
|
| 655 |
|
7 |
|a články z novín a časopisov
|2 snkbucl
|9 267496
|
| 700 |
1 |
|
|a Strieber, Whitley
|4 aut
|9 525977
|
| 773 |
0 |
|
|t Dotyky
|g Roč. 9, č. 2 (1997), s. 50-51
|
| 787 |
0 |
8 |
|i Rec.:
|a Strieber, Whitley
|t Společenství
|d Ostrava : Sfinga, 1995
|
| 850 |
|
|
|a Slovenská národná knižnica
|
| 852 |
|
|
|a Slovenská národná knižnica
|
| 958 |
|
|
|a article15
|
| 958 |
|
|
|a OND
|
| 958 |
|
|
|a US
|
| 958 |
|
|
|a NX
|
| 958 |
|
|
|a CZ
|
| 958 |
|
|
|a RK
|
| 958 |
|
|
|a EUIPO
|
| 992 |
|
|
|a RBX
|
| 999 |
|
|
|c 2829350
|d 2831280
|